| 000 | 01330cam a2200325 a 4500 | ||
|---|---|---|---|
| 001 | 000012819 | ||
| 005 | 20200929163100.0 | ||
| 008 | 850801s1969 sp 000 0 spa | ||
| 035 | _a(DLC) 78032073 | ||
| 040 |
_aDO-SdBNP _cCarP _dDLC _dBNPHU |
||
| 082 |
_a331.891946 _bA581c |
||
| 100 | 1 |
_aÁngel Yagüez, Ricardo de. _929638 |
|
| 245 | 1 | 4 |
_aLos créditos derivados del contrato de obra : _bsu protección legal en la legislación civil / _cRicardo de Ángel Yagüe. |
| 260 |
_aMadrid : _bTecnos, _c1969. |
||
| 300 |
_a216 p. ; _c22 cm. |
||
| 490 | 1 | _aBiblioteca Tecnos de estudios jurídicos | |
| 504 | _aIncluye referencias bibliográficas y notas al pie de las páginas. | ||
| 650 | 4 |
_aContrato laboral _zEspaña _929639 |
|
| 650 | 4 |
_aDerecho civil _xDerecho civil _zEspaña _929640 |
|
| 650 | 4 |
_aConstrucción _xLegislación _zEspaña _929641 |
|
| 650 | 4 |
_aConstrucción _aMétodos estadísticos _929642 |
|
| 650 | 4 |
_aConstrucción _xPrecio _929643 |
|
| 650 | 4 |
_aConstrucción _xPresupuestos _yMODELOS MATEMÁTICOS _929644 |
|
| 650 | 4 |
_aInfraestructura (economía) _929645 |
|
| 650 | 4 |
_aAgregados (materiales de construcción) _929646 |
|
| 650 | 4 |
_aConstrucción _xHerramientas _929647 |
|
| 830 | 0 |
_aBiblioteca Tecnos de estudios jurídicos. _928880 |
|
| 910 | _aCatalogación por copia / LC | ||
| 999 |
_a1 _n0000031 _c12469 _d12469 |
||
| 049 | _aBNGR | ||